000 01138naa a22003017a 4500
001 BR9400321
003 BR-BrBNA
005 20240918181101.0
007 ta
008 230509b bl.||||| |||| 00| 0 por d
040 _aBR-BrBNA
_bpor
_cBiblioteca Nacional de Agricultura
041 _a(Pt)
072 _aF06
090 _aF06 BR9400321
100 1 _aPenaforte, A.B.
100 1 _aSilva, A.M. da
100 1 _aFaria, M.A. de
100 1 _aLima, L.A.
100 1 _aOliveira, M.S. de
111 1 _a22. Congresso Brasileiro de Engenharia Agricola
_cIlheus, BA (Brazil)
_d19-23 Jul 1993
245 1 _aAnalise da perfomance de um sistema de irrigacao por aspersao convencional, acima e abaixo da superficie do solo
260 3 _aIlheus, BA (Brasil):
_c1993.
500 _a22. Congresso Brasileiro de Engenharia Agricola. Anais Ilheus, BA (Brasil): 1993. v. 4 p. 2626-2639 (BR9400321-AM)F06
650 _aIrrigacao por Aspersao
773 0 _t22. Congresso Brasileiro de Engenharia Agricola. Anais
_wF06 BR9400321
_gIlheus, BA (Brasil), 1993. v. 4 p. 2626-2639
909 _a202404
_bLucia
_c55
_dLucia Elande
942 _cAM
_2AGRIS
999 _c323539
_d323539